| 000 | 01697cam a22004338i 4500 | ||
|---|---|---|---|
| 001 | 22455364 | ||
| 003 | NUST | ||
| 005 | 20240216145407.0 | ||
| 008 | 220228s2022 pau b 001 0 eng | ||
| 010 | _a 2022007609 | ||
| 020 |
_a9781512822793 _q(hardcover) |
||
| 020 | _a1512822795 | ||
| 038 | _aAZHAR | ||
| 040 |
_aPU/DLC _beng _erda _cDLC _dDLC |
||
| 042 | _apcc | ||
| 043 |
_aa-pk--- _aa-af--- |
||
| 050 | 0 | 0 |
_aDS380.A35 _bA55 2022 |
| 082 | 0 | 0 |
_a305.89159305491 _223/eng/20220527 _bALI |
| 100 | 1 |
_aAlimia, Sanaa, _eauthor. _9120277 |
|
| 245 | 1 | 0 |
_aRefugee cities : _bhow Afghans changed urban Pakistan / _cSanaa Alimia. |
| 250 | _a1st edition. | ||
| 260 |
_aPhiladelphia : _bUniversity of Pennsylvania Press, _c2022. |
||
| 263 | _a2212 | ||
| 300 | _axviii, 228p. | ||
| 336 |
_atext _btxt _2rdacontent |
||
| 337 |
_aunmediated _bn _2rdamedia |
||
| 338 |
_avolume _bnc _2rdacarrier |
||
| 504 | _aIncludes bibliographical references and index. | ||
| 520 |
_a"This book tells the story of how global wars affect everyday life for Afghans who have been living as refugees in Pakistan. This book is a must read for those who want a glimpse of ordinary life for a long-term refugee population beyond the headlines of war or terror"-- _cProvided by publisher. |
||
| 650 | 0 |
_aAfghans _zPakistan. _9120278 |
|
| 650 | 0 |
_aRefugees _zAfghanistan. _9120279 |
|
| 650 | 0 |
_aRefugees _zPakistan. _9120280 |
|
| 650 | 0 |
_aUrbanization _zPakistan. _937641 |
|
| 650 | 0 |
_aAfghans _zPakistan _zKarachi _xSocial conditions. _9120281 |
|
| 650 | 0 |
_aAfghans _zPakistan _zPeshawar _xSocial conditions. _9120282 |
|
| 906 |
_a7 _bcbc _corignew _d1 _eecip _f20 _gy-gencatlg |
||
| 942 |
_2ddc _cBK |
||
| 999 |
_c607644 _d607644 |
||